V Banskej Bystrici otvorili Slovensko-arabské centrum

V Banskej Bystrici v júni 1999 otvorili Slovensko-arabské centrum (SAC). Centrum by malo vytvárať a prehlbovať obchodné kontakty medzi firmami v SR a arabskom svete. SAC chce osloviť hlavne malých a stredných podnikateľov. Služby, ktoré ponúka SAC.

Salvato in:
Dettagli Bibliografici
Autore principale: Hrúz, Juraj
Natura: Capitolo di libro
Lingua:slovacco
Soggetti:
Tags: Aggiungi Tag
Nessun Tag, puoi essere il primo ad aggiungerne!!

MARC

LEADER 00000naa a2200000 4500
001 r035376
005 20230921103829.3
041 0 |a slo 
044 |a SK 
245 1 0 |a V Banskej Bystrici otvorili Slovensko-arabské centrum  |c Juraj Hrúz 
520 |a V Banskej Bystrici v júni 1999 otvorili Slovensko-arabské centrum (SAC). Centrum by malo vytvárať a prehlbovať obchodné kontakty medzi firmami v SR a arabskom svete. SAC chce osloviť hlavne malých a stredných podnikateľov. Služby, ktoré ponúka SAC. 
610 2 0 |a podnikanie 
610 2 0 |a podnikanie malé 
610 2 0 |a podnikanie stredné 
610 2 0 |a obchod zahraničný 
610 2 0 |a vzťahy obchodné 
610 2 0 |a Slovensko 
610 2 0 |a Spojené Arabské Emiráty 
100 1 |a Hrúz, Juraj